| 000 | 00965nmm a2200301 a 4500 | ||
|---|---|---|---|
| 001 | ocm0001732358 | ||
| 003 | TR-IsHL | ||
| 005 | 20201028170447.0 | ||
| 008 | 170528s2017 tu tur | ||
| 007 | cr cn | ||
| 020 | _a9786059272773 | ||
| 035 |
_a1732358 _b(N$T) |
||
| 050 | 0 | 4 |
_aPL234 _b.K55 2017 |
| 090 | 0 | 4 |
_aPL234 _b.K55 2017 |
| 100 | 1 | _aKılınç, Ali | |
| 245 | 1 | 0 |
_aO sevdalı yürekler şimdi herc-ü merc oldu _h[electronic resource] / _cAli Kılınç ; Miraç Akgöğ ; editör M. Endülüs Özbay |
| 250 | _a1. Baskı | ||
| 260 |
_aİstanbul : _bAZ Kitap, _c2017 |
||
| 300 | _a176 p. | ||
| 650 | 4 | _aDil ve Edebiyat | |
| 650 | 4 | _aLanguage and Literature | |
| 650 | 0 | _aTürk şiiri | |
| 650 | 0 | _aTurkish poetry | |
| 650 | 7 |
_aPOETRY / Middle Eastern _2bisacsh |
|
| 700 | 1 | _aAkgöğ, Mİraç | |
| 700 | 1 | _aÖzbay, M. Endülüs | |
| 856 | 4 | 0 | _uhttp://search.ebscohost.com/login.aspx?direct=true&scope=site&db=e011xww&AN=1732358 |
| 999 |
_c16280 _d16280 |
||